[Event "Danmarksmesterskabet 2024"]
[Site "Svendborg"]
[Date "2024.03.27"]
[Round "5"]
[White "Liu, Casper Yukun"]
[Black "Ochsner, Bjorn Moller"]
[Result "0-1"]
[WhiteElo "2283"]
[BlackElo "2518"]
[PlyCount "44"]
[EventDate "2023.03.23"]
[EventType "tourn"]
[EventRounds "9"]
[EventCountry "DEN"]
[SourceTitle "Live v. Kasper Jerwiarz"]

1. d4 Nf6 2. c4 e6 3. Nf3 d5 4. g3 Bb4+ 5. Bd2 Bd6 6. Bg2 c6 7. O-O O-O 8. Nc3 dxc4 9. e4 Be7 10. a4 a5 11. Be3 b5 12. axb5 cxb5 13. Nxb5 Nxe4 14. Ne5 f5 15. Qa4 Bb4 16. Rfc1 Bb7 17. Rxc4 Nd7 18. Rc7 Nb6 19. Qd1 Ba6 20. d5 Nxd5 21. Rd7 Nxe3 22. fxe3 Qg5 0-1

[Event "Danmarksmesterskabet 2024"]
[Site "Svendborg"]
[Date "2024.03.27"]
[Round "5"]
[White "Thybo, Jesper Sondergaard"]
[Black "Jacobsen, Mikkel Manosri"]
[Result "1-0"]
[WhiteElo "2542"]
[BlackElo "2367"]
[PlyCount "49"]
[EventDate "2023.03.23"]
[EventType "tourn"]
[EventRounds "9"]
[EventCountry "DEN"]
[SourceTitle "Live v. Kasper Jerwiarz"]

1. d4 d5 2. c4 c6 3. Nf3 Nf6 4. e3 Bf5 5. Nc3 e6 6. Nh4 Be4 7. f3 Bg6 8. Qb3 Qc7 9. Bd2 Be7 10. Nxg6 hxg6 11. O-O-O a6 12. Kb1 dxc4 13. Qxc4 Nbd7 14. e4 Rxh2 15. Rxh2 Qxh2 16. e5 Nd5 17. Nxd5 cxd5 18. Qb3 b5 19. a4 Nb6 20. axb5 a5 21. Bxa5 Nd7 22. Bc7 Bd8 23. b6 Bxc7 24. bxc7 Rc8 25. Qb7 1-0

[Event "Danmarksmesterskabet 2024"]
[Site "Svendborg"]
[Date "2024.03.27"]
[Round "5"]
[White "Borge, Nikolaj"]
[Black "Fries Nielsen, Jens Ove"]
[Result "1-0"]
[WhiteElo "2379"]
[BlackElo "2364"]
[PlyCount "53"]
[EventDate "2023.03.23"]
[EventType "tourn"]
[EventRounds "9"]
[EventCountry "DEN"]
[SourceTitle "Live v. Kasper Jerwiarz"]

1. e4 e6 2. d4 d5 3. e5 c5 4. c3 Qa5 5. dxc5 Qc7 6. Nf3 Bxc5 7. Bd3 Ne7 8. b4 Bb6 9. O-O Ng6 10. a4 a6 11. a5 Ba7 12. b5 axb5 13. Na3 Bd7 14. Nxb5 Bxb5 15. Bxb5+ Nd7 16. Ba3 Bc5 17. Bxc5 Qxc5 18. Qa4 Rd8 19. Rab1 Qc7 20. Qb4 Ne7 21. Ba4 Rb8 22. a6 Nc6 23. Qd6 Qxd6 24. exd6 O-O 25. a7 Nxa7 26. Bxd7 Rfd8 27. Ne5 1-0

[Event "Danmarksmesterskabet 2024"]
[Site "Svendborg"]
[Date "2024.03.28"]
[Round "6"]
[White "Chatalbashev, Boris"]
[Black "Thybo, Jesper Sondergaard"]
[Result "1/2-1/2"]
[WhiteElo "2448"]
[BlackElo "2542"]
[PlyCount "63"]
[EventDate "2023.03.23"]
[EventType "tourn"]
[EventRounds "9"]
[EventCountry "DEN"]
[SourceTitle "Live v. Kasper Jerwiarz"]

1. Nf3 d5 2. g3 Nd7 3. d4 Nb6 4. Bg2 Nf6 5. O-O h6 6. b3 Bf5 7. c4 e6 8. Nc3 Be7 9. Nd2 O-O 10. e4 dxe4 11. Ndxe4 Nxe4 12. Nxe4 Nd7 13. Bf4 Rb8 14. Qe2 Nf6 15. Rad1 Nxe4 16. Bxe4 Bxe4 17. Qxe4 Bd6 18. Be5 b6 19. c5 Bxe5 20. dxe5 Qe7 21. c6 Rfd8 22. b4 a6 23. a4 a5 24. b5 Rxd1 25. Rxd1 Rd8 26. Qf3 Qg5 27. Rd7 Rxd7 28. cxd7 Qd8 29. Qd3 Kf8 30. Qa3+ Kg8 31. Qd3 Kf8 32. Qa3+ 1/2-1/2

[Event "Danmarksmesterskabet 2024"]
[Site "Svendborg"]
[Date "2024.03.28"]
[Round "6"]
[White "Ramsdal, Jens Albert"]
[Black "Haubro, Martin"]
[Result "1-0"]
[WhiteElo "2378"]
[BlackElo "2436"]
[PlyCount "77"]
[EventDate "2023.03.23"]
[EventType "tourn"]
[EventRounds "9"]
[EventCountry "DEN"]
[SourceTitle "Live v. Kasper Jerwiarz"]

1. d4 d5 2. c4 e6 3. Nf3 Nf6 4. Nc3 c6 5. e3 Nbd7 6. Qc2 Bd6 7. Bd3 dxc4 8. Bxc4 b5 9. Bd3 Bb7 10. O-O O-O 11. a3 h6 12. e4 e5 13. dxe5 Nxe5 14. Nxe5 Bxe5 15. h3 Re8 16. Rd1 Qe7 17. Be3 a6 18. b4 a5 19. Bc5 Qe6 20. Rac1 axb4 21. axb4 Ra3 22. Qb2 Rea8 23. Bb1 Bf4 24. e5 Qxe5 25. Rc2 Qh5 26. Rd3 Bc7 27. Rcd2 Qe5 28. g3 Qe6 29. Re3 Qb3 30. Qxb3 Rxb3 31. Ba2 Rba3 32. Re7 Rxc3 33. Rxc7 Ba6 34. Rxf7 Nd5 35. Rxd5 cxd5 36. Bxd5 Rc1+ 37. Kh2 Rd1 38. Rf8+ Kh7 39. Be4+ 1-0

[Event "Danmarksmesterskabet 2024"]
[Site "Svendborg"]
[Date "2024.03.28"]
[Round "6"]
[White "Liu, Casper Yukun"]
[Black "Olsen, Filip Boe"]
[Result "0-1"]
[WhiteElo "2283"]
[BlackElo "2456"]
[PlyCount "62"]
[EventDate "2023.03.23"]
[EventType "tourn"]
[EventRounds "9"]
[EventCountry "DEN"]
[SourceTitle "Live v. Kasper Jerwiarz"]

1. d4 d5 2. c4 e6 3. Nf3 Nf6 4. g3 h6 5. Bg2 Bd6 6. O-O O-O 7. Nc3 Nc6 8. b3 dxc4 9. bxc4 e5 10. d5 Na5 11. c5 Bxc5 12. Nxe5 Re8 13. Nd3 Bb6 14. Rb1 Bf5 15. Rb4 c6 16. e4 Bh7 17. Bf4 c5 18. Rb2 Nxe4 19. Nb5 c4 20. Ne5 Qf6 21. Re2 Rxe5 22. Bxe5 Qxe5 23. Qe1 f5 24. Kh1 Re8 25. Nc3 Bg6 26. f4 Qxc3 27. Rxe4 Qxe1 28. Rexe1 Kf8 29. d6 Rd8 30. Rd1 Nc6 31. Rd5 Bf7 0-1

[Event "Danmarksmesterskabet 2024"]
[Site "Svendborg"]
[Date "2024.03.28"]
[Round "6"]
[White "Jacobsen, Mikkel Manosri"]
[Black "Borge, Nikolaj"]
[Result "0-1"]
[WhiteElo "2367"]
[BlackElo "2379"]
[PlyCount "52"]
[EventDate "2023.03.23"]
[EventType "tourn"]
[EventRounds "9"]
[EventCountry "DEN"]
[SourceTitle "Live v. Kasper Jerwiarz"]

1. d4 d5 2. c4 dxc4 3. Nf3 Nf6 4. e3 e6 5. Bxc4 a6 6. O-O c5 7. e4 b5 8. Be2 Nxe4 9. a4 b4 10. Nbd2 Nxd2 11. Bxd2 Nd7 12. Rc1 Bb7 13. dxc5 Bxc5 14. Ne5 Rc8 15. Bg5 f6 16. Bb5 axb5 17. Qh5+ Ke7 18. Qf7+ Kd6 19. Qxg7 Kxe5 20. Rfe1+ Kd6 21. Bf4+ e5 22. Qf7 exf4 23. Red1+ Kc7 24. axb5 Kb8 25. Rxd7 Bxf2+ 26. Kxf2 Qb6+ 0-1

[Event "Danmarksmesterskabet 2024"]
[Site "Svendborg"]
[Date "2024.03.28"]
[Round "6"]
[White "Ochsner, Bjorn Moller"]
[Black "Fries Nielsen, Jens Ove"]
[Result "1-0"]
[WhiteElo "2518"]
[BlackElo "2364"]
[PlyCount "47"]
[EventDate "2023.03.23"]
[EventType "tourn"]
[EventRounds "9"]
[EventCountry "DEN"]
[SourceTitle "Live v. Kasper Jerwiarz"]

1. e4 d6 2. d4 e6 3. Be3 Ne7 4. Bd3 Nd7 5. Ne2 g6 6. h4 h6 7. Nbc3 a6 8. Qd2 b5 9. h5 g5 10. f4 gxf4 11. Nxf4 c5 12. dxc5 dxc5 13. O-O Nc6 14. Qf2 Nce5 15. Be2 Bb7 16. Rad1 Qe7 17. Nd3 Nc4 18. Bf4 Bg7 19. e5 Ncxe5 20. Nxe5 Rg8 21. Rxd7 Qxd7 22. Nxd7 Bd4 23. Nf6+ Ke7 24. Ncd5+ 1-0

[Event "Danmarksmesterskabet 2024"]
[Site "Svendborg"]
[Date "2024.03.29"]
[Round "7"]
[White "Borge, Nikolaj"]
[Black "Chatalbashev, Boris"]
[Result "1/2-1/2"]
[WhiteElo "2379"]
[BlackElo "2448"]
[PlyCount "110"]
[EventDate "2023.03.23"]
[EventType "tourn"]
[EventRounds "9"]
[EventCountry "DEN"]
[SourceTitle "Live v. Kasper Jerwiarz"]

1. e4 c5 2. Nf3 Nc6 3. d4 cxd4 4. Nxd4 g6 5. Nc3 Bg7 6. Be3 Nf6 7. Bc4 O-O 8. Bb3 d6 9. f3 Bd7 10. Qd2 Nxd4 11. Bxd4 b5 12. O-O Bc6 13. Rfd1 a5 14. a3 Qc7 15. Rac1 e6 16. Qg5 Nd7 17. Nxb5 Bxb5 18. Bxg7 Kxg7 19. Qxb5 a4 20. Ba2 Rfb8 21. Qd3 Qc5+ 22. Qd4+ Qxd4+ 23. Rxd4 Rxb2 24. Bc4 Ne5 25. Be2 g5 26. Rxd6 Ra2 27. Kf2 Rxa3 28. c4 Rb8 29. Rc2 Rc8 30. c5 Nc6 31. Bb5 Nb4 32. Rc1 Ra2+ 33. Kg3 a3 34. Rb6 Rb2 35. Bd7 Rc7 36. c6 Nd3 37. Rb1 Rc2 38. h4 h6 39. hxg5 hxg5 40. Ra1 a2 41. Ra6 Nc1 42. Rxc1 Rxc1 43. Rxa2 Kg6 44. Ra5 Rc2 45. Kh3 Kf6 46. Kg3 Kg6 47. Kh3 g4+ 48. Kxg4 Rxg2+ 49. Kf4 Kf6 50. e5+ Kg6 51. Ra1 Re2 52. Rg1+ Kh7 53. Rh1+ Kg7 54. Rg1+ Kf8 55. Ra1 Kg7 1/2-1/2

[Event "Danmarksmesterskabet 2024"]
[Site "Svendborg"]
[Date "2024.03.29"]
[Round "7"]
[White "Thybo, Jesper Sondergaard"]
[Black "Ramsdal, Jens Albert"]
[Result "1-0"]
[WhiteElo "2542"]
[BlackElo "2378"]
[PlyCount "99"]
[EventDate "2023.03.23"]
[EventType "tourn"]
[EventRounds "9"]
[EventCountry "DEN"]
[SourceTitle "Live v. Kasper Jerwiarz"]

1. Nf3 d5 2. g3 Nf6 3. Bg2 e6 4. O-O Be7 5. c4 O-O 6. d4 dxc4 7. Qc2 a6 8. a4 Bd7 9. Qxc4 Bc6 10. Bg5 Bd5 11. Qc2 Be4 12. Qc1 h6 13. Bxf6 Bxf6 14. Rd1 c5 15. Qxc5 Nc6 16. Nbd2 Bh7 17. e3 Rc8 18. Qh5 Bg6 19. Qh3 Nb4 20. Ne1 Qe7 21. Be4 Nc2 22. Nxc2 Bxe4 23. Nxe4 Rxc2 24. b4 Rfc8 25. a5 R8c4 26. Rab1 e5 27. Qf5 exd4 28. Nxf6+ Qxf6 29. Qxf6 gxf6 30. Rxd4 Rxd4 31. exd4 Kg7 32. Rd1 Kf8 33. d5 Ke7 34. Rd4 f5 35. Kg2 Rb2 36. d6+ Kd7 37. Kf3 Rb3+ 38. Kf4 Rb2 39. f3 Rxh2 40. Kxf5 h5 41. Ke5 Rg2 42. Rf4 Re2+ 43. Kd5 Rd2+ 44. Kc5 b6+ 45. axb6 Rc2+ 46. Rc4 Rxc4+ 47. Kxc4 Kxd6 48. b5 a5 49. Kb3 f5 50. f4 1-0

[Event "Danmarksmesterskabet 2024"]
[Site "Svendborg"]
[Date "2024.03.29"]
[Round "7"]
[White "Haubro, Martin"]
[Black "Liu, Casper Yukun"]
[Result "1-0"]
[WhiteElo "2436"]
[BlackElo "2283"]
[PlyCount "61"]
[EventDate "2023.03.23"]
[EventType "tourn"]
[EventRounds "9"]
[EventCountry "DEN"]
[SourceTitle "Live v. Kasper Jerwiarz"]

1. e4 c5 2. Nf3 Nc6 3. Bb5 Nd4 4. Nxd4 cxd4 5. O-O a6 6. Bc4 e6 7. d3 b5 8. Bb3 Bb7 9. Nd2 Bd6 10. Nf3 Qb6 11. c3 dxc3 12. bxc3 Ne7 13. Be3 Qd8 14. a4 O-O 15. axb5 axb5 16. Nd4 Rxa1 17. Qxa1 Qb8 18. g3 Ba8 19. Qa6 f5 20. Nxb5 Bc6 21. Bc4 Be5 22. f4 d5 23. Na7 Bd7 24. Bb5 Bxb5 25. Nxb5 fxe4 26. Qxe6+ Kh8 27. Qxe5 Qxb5 28. Qxe7 Re8 29. Qf7 exd3 30. Bd4 Rg8 31. Re1 1-0

[Event "Danmarksmesterskabet 2024"]
[Site "Svendborg"]
[Date "2024.03.29"]
[Round "7"]
[White "Olsen, Filip Boe"]
[Black "Ochsner, Bjorn Moller"]
[Result "1/2-1/2"]
[WhiteElo "2456"]
[BlackElo "2518"]
[PlyCount "90"]
[EventDate "2023.03.23"]
[EventType "tourn"]
[EventRounds "9"]
[EventCountry "DEN"]
[SourceTitle "Live v. Kasper Jerwiarz"]

1. d4 Nf6 2. c4 e6 3. Nf3 c5 4. d5 exd5 5. cxd5 d6 6. Nc3 g6 7. Bf4 Bg7 8. e3 O-O 9. h3 Na6 10. Bxa6 bxa6 11. Rc1 Rb8 12. b3 Nh5 13. Bh2 f5 14. O-O a5 15. Re1 Re8 16. Nb1 Ba6 17. Nbd2 a4 18. Nc4 axb3 19. axb3 Bxc4 20. Rxc4 Qb6 21. Ra4 Bc3 22. Rf1 Nf6 23. Qc2 Qxb3 24. Qxb3 Rxb3 25. Bxd6 Ne4 26. Bc7 Bf6 27. d6 Rd3 28. Rxa7 Nxd6 29. Bxd6 Rxd6 30. Rc7 Rd5 31. Rc1 Be7 32. g3 Rdd8 33. Rb1 Rc8 34. Rbb7 Rxc7 35. Rxc7 Bd6 36. Rc6 Bf8 37. Ng5 Re5 38. Kf1 Be7 39. Rc8+ Kg7 40. Rc7 Kf8 41. Rc8+ Kg7 42. Rc7 Kf8 43. h4 h6 44. Nf3 Re6 45. Nd2 g5 1/2-1/2

[Event "Danmarksmesterskabet 2024"]
[Site "Svendborg"]
[Date "2024.03.29"]
[Round "7"]
[White "Fries Nielsen, Jens Ove"]
[Black "Jacobsen, Mikkel Manosri"]
[Result "1-0"]
[WhiteElo "2364"]
[BlackElo "2367"]
[PlyCount "53"]
[EventDate "2023.03.23"]
[EventType "tourn"]
[EventRounds "9"]
[EventCountry "DEN"]
[SourceTitle "Live v. Kasper Jerwiarz"]

1. d4 d5 2. Nc3 Nf6 3. h3 h6 4. e3 Bf5 5. g4 Bh7 6. Bd3 Bxd3 7. cxd3 e6 8. Qb3 b6 9. Nge2 c5 10. e4 Nc6 11. g5 hxg5 12. Bxg5 Be7 13. dxc5 bxc5 14. f4 O-O 15. Rg1 Nd4 16. Nxd4 cxd4 17. e5 Rb8 18. exf6 Bxf6 19. Qxb8 Qxb8 20. Bxf6 Qxf4 21. Rxg7+ Kh8 22. Rxf7+ Kg8 23. Ne2 Qf3 24. Rg7+ Kh8 25. Bxd4 Rf6 26. Rf7 Qf1+ 27. Kd2 1-0

[Event "Danmarksmesterskabet 2024"]
[Site "Svendborg"]
[Date "2024.03.30"]
[Round "8"]
[White "Chatalbashev, Boris"]
[Black "Fries Nielsen, Jens Ove"]
[Result "1-0"]
[WhiteElo "2448"]
[BlackElo "2364"]
[PlyCount "67"]
[EventDate "2023.03.23"]
[EventType "tourn"]
[EventRounds "9"]
[EventCountry "DEN"]
[SourceTitle "Live v. Kasper Jerwiarz"]

1. d4 Nf6 2. c4 e6 3. Nc3 d5 4. cxd5 exd5 5. Bg5 Nbd7 6. e3 c6 7. Bd3 Bd6 8. Nf3 h6 9. Bh4 b6 10. O-O Bb7 11. e4 dxe4 12. Nxe4 Be7 13. Nxf6+ Nxf6 14. Bc2 Kf8 15. Re1 c5 16. Qe2 c4 17. d5 Bb4 18. Red1 c3 19. bxc3 Bxc3 20. Rac1 Bb2 21. Rb1 Ba3 22. Ne5 g5 23. Bg3 Qe8 24. Qf3 Be7 25. Nc6 g4 26. Qc3 Rc8 27. Ba4 Rg8 28. Qd4 Nxd5 29. Nxa7 Qd8 30. Nxc8 Qxc8 31. Rbc1 Qa8 32. Bb3 Bf6 33. Be5 Bxe5 34. Qxe5 1-0

[Event "Danmarksmesterskabet 2024"]
[Site "Svendborg"]
[Date "2024.03.30"]
[Round "8"]
[White "Ramsdal, Jens Albert"]
[Black "Borge, Nikolaj"]
[Result "1-0"]
[WhiteElo "2378"]
[BlackElo "2379"]
[PlyCount "115"]
[EventDate "2023.03.23"]
[EventType "tourn"]
[EventRounds "9"]
[EventCountry "DEN"]
[SourceTitle "Live v. Kasper Jerwiarz"]

1. d4 d5 2. c4 dxc4 3. e3 Nf6 4. Bxc4 e6 5. Nf3 a6 6. O-O c5 7. Nbd2 cxd4 8. Nxd4 e5 9. N4f3 Bd6 10. Ng5 O-O 11. Ndf3 Qc7 12. Qd3 h6 13. Ne4 Nxe4 14. Qxe4 Nd7 15. Rd1 Nc5 16. Qh4 Bf5 17. b3 Bc2 18. Rd2 Bh7 19. Bb2 b5 20. Bd5 Rad8 21. e4 Kh8 22. Rc1 b4 23. Ne1 Qb8 24. Nd3 Nxd3 25. Rxd3 f6 26. Rcd1 Bc5 27. Bc1 Qb6 28. Be3 Bxe3 29. Rxe3 Qc5 30. Red3 f5 31. exf5 Bxf5 32. R3d2 Bc2 33. Bc4 Rxd2 34. Rxd2 Bh7 35. Rd5 Qc7 36. Qg3 Re8 37. Qe3 Bg8 38. Rc5 Qd6 39. Bf1 Qd4 40. h3 Qa1 41. Rc7 Rd8 42. Kh2 a5 43. Re7 Rf8 44. Bd3 a4 45. bxa4 Qxa2 46. Qxe5 Rf7 47. Re6 Qd2 48. f4 Qxf4+ 49. Qxf4 Rxf4 50. Re8 b3 51. a5 Ra4 52. a6 b2 53. Rb8 g5 54. Rxb2 Bd5 55. Rb5 Bc6 56. Rb6 Bd5 57. Rxh6+ Kg7 58. Rg6+ 1-0

[Event "Danmarksmesterskabet 2024"]
[Site "Svendborg"]
[Date "2024.03.30"]
[Round "8"]
[White "Liu, Casper Yukun"]
[Black "Thybo, Jesper Sondergaard"]
[Result "0-1"]
[WhiteElo "2283"]
[BlackElo "2542"]
[PlyCount "84"]
[EventDate "2023.03.23"]
[EventType "tourn"]
[EventRounds "9"]
[EventCountry "DEN"]
[SourceTitle "Live v. Kasper Jerwiarz"]

1. d4 Nf6 2. c4 e6 3. Nf3 d5 4. g3 Bb4+ 5. Bd2 Be7 6. Bg2 O-O 7. O-O Nbd7 8. Qc2 c6 9. a4 a5 10. Rc1 h6 11. Bf4 Nh5 12. Bd2 Nhf6 13. Bf4 Ne4 14. Nc3 g5 15. Be5 g4 16. Ne1 Nxe5 17. dxe5 Ng5 18. Rd1 Qb6 19. cxd5 exd5 20. Bxd5 Nh3+ 21. Kh1 cxd5 22. Nxd5 Qe6 23. Nc7 Qf5 24. Qxf5 Bxf5 25. Kg2 Rad8 26. f3 h5 27. Nd5 Bg5 28. Nb6 Rxd1 29. Rxd1 Rd8 30. Rd6 Rxd6 31. exd6 Bd8 32. Nd5 Kf8 33. Ne3 Bd7 34. b3 Be6 35. Nd3 b6 36. b4 axb4 37. Nxb4 Ke8 38. Nc6 Bf6 39. a5 Kd7 40. Nb8+ Kc8 41. Na6 bxa5 42. Nc5 Bd4 0-1

[Event "Danmarksmesterskabet 2024"]
[Site "Svendborg"]
[Date "2024.03.30"]
[Round "8"]
[White "Olsen, Filip Boe"]
[Black "Haubro, Martin"]
[Result "1-0"]
[WhiteElo "2456"]
[BlackElo "2436"]
[PlyCount "61"]
[EventDate "2023.03.23"]
[EventType "tourn"]
[EventRounds "9"]
[EventCountry "DEN"]
[SourceTitle "Live v. Kasper Jerwiarz"]

1. Nf3 d5 2. g3 g6 3. Bg2 Bg7 4. O-O e5 5. d3 Ne7 6. e4 O-O 7. b4 d4 8. c3 dxc3 9. Nxc3 Bg4 10. Bg5 h6 11. Be3 Nbc6 12. Qd2 Qd7 13. Ne2 Kh7 14. b5 Nd4 15. Bxd4 exd4 16. Rab1 a6 17. b6 Rac8 18. Nf4 g5 19. Ne2 c5 20. Nc1 c4 21. dxc4 Rxc4 22. Nd3 Ng6 23. Nb4 Rfc8 24. Ne1 Be6 25. Ned3 Ne7 26. f4 a5 27. f5 axb4 28. fxe6 fxe6 29. Rf7 Rf8 30. Rxf8 Bxf8 31. Ne5 1-0

[Event "Danmarksmesterskabet 2024"]
[Site "Svendborg"]
[Date "2024.03.30"]
[Round "8"]
[White "Ochsner, Bjorn Moller"]
[Black "Jacobsen, Mikkel Manosri"]
[Result "1-0"]
[WhiteElo "2518"]
[BlackElo "2367"]
[PlyCount "53"]
[EventDate "2023.03.23"]
[EventType "tourn"]
[EventRounds "9"]
[EventCountry "DEN"]
[SourceTitle "Live v. Kasper Jerwiarz"]

1. e4 c5 2. Nf3 Nc6 3. Bb5 Nf6 4. Bxc6 dxc6 5. d3 g6 6. Nc3 Bg7 7. h3 O-O 8. Bf4 Ne8 9. Qd2 Nc7 10. Bh6 Re8 11. h4 f6 12. h5 Bh8 13. hxg6 hxg6 14. O-O-O e5 15. Rh2 Ne6 16. Rdh1 Kf7 17. Nh4 g5 18. Nf5 Nd4 19. Qd1 Bxf5 20. exf5 Rg8 21. Ne4 Ke7 22. Bxg5 fxg5 23. Rh7+ Bg7 24. Rxg7+ Rxg7 25. f6+ Kf7 26. Qh5+ Rg6 27. Qh7+ 1-0

[Event "Danmarksmesterskabet 2024"]
[Site "Svendborg"]
[Date "2024.03.31"]
[Round "9"]
[White "Jacobsen, Mikkel Manosri"]
[Black "Chatalbashev, Boris"]
[Result "0-1"]
[WhiteElo "2367"]
[BlackElo "2448"]
[PlyCount "70"]
[EventDate "2023.03.23"]
[EventType "tourn"]
[EventRounds "9"]
[EventCountry "DEN"]
[SourceTitle "Live v. Kasper Jerwiarz"]

1. c4 Nf6 2. g3 c6 3. Nf3 d5 4. Bg2 dxc4 5. O-O e6 6. Qc2 b5 7. b3 cxb3 8. axb3 Bb7 9. d4 Nbd7 10. Rd1 c5 11. Ne5 Bxg2 12. Kxg2 cxd4 13. Rxd4 Rc8 14. Qb2 Qb6 15. Nxd7 Nxd7 16. Bd2 Be7 17. Rd3 Bf6 18. Bc3 Rxc3 19. Nxc3 b4 20. Qa2 Qc6+ 21. f3 Nc5 22. Ne4 Nxe4 23. fxe4 Qxe4+ 24. Kf2 Bd4+ 25. Rxd4 Qxd4+ 26. e3 Qf6+ 27. Kg1 O-O 28. Qxa7 Qc3 29. Qd4 Qxb3 30. Ra7 Qb1+ 31. Kg2 Qc2+ 32. Kg1 b3 33. Rb7 h6 34. h4 Ra8 35. h5 Qc1+ 0-1

[Event "Danmarksmesterskabet 2024"]
[Site "Svendborg"]
[Date "2024.03.31"]
[Round "9"]
[White "Fries Nielsen, Jens Ove"]
[Black "Ramsdal, Jens Albert"]
[Result "1/2-1/2"]
[WhiteElo "2364"]
[BlackElo "2378"]
[PlyCount "92"]
[EventDate "2023.03.23"]
[EventType "tourn"]
[EventRounds "9"]
[EventCountry "DEN"]
[SourceTitle "Live v. Kasper Jerwiarz"]

1. e4 e6 2. d4 d5 3. exd5 exd5 4. Nc3 Nf6 5. Bf4 Bb4 6. Qe2+ Be7 7. Qe5 c6 8. Bd3 Nbd7 9. Qe2 O-O 10. Nf3 Re8 11. Ne5 c5 12. O-O-O c4 13. Bf5 Nxe5 14. dxe5 Bxf5 15. exf6 Bxf6 16. Rxd5 Rxe2 17. Rxd8+ Rxd8 18. Nxe2 Re8 19. Ng3 Bg6 20. c3 h5 21. h4 b5 22. Be3 a5 23. a3 b4 24. axb4 axb4 25. Bg5 Be5 26. f4 Bc7 27. f5 Bh7 28. Nxh5 Bxf5 29. Bf4 Ba5 30. Ng3 Bh7 31. cxb4 Bxb4 32. Bd2 Bd6 33. Rh3 Ra8 34. Kd1 Ra2 35. Bc3 Ra1+ 36. Ke2 Rg1 37. Kf3 Bc2 38. Ne4 Bxe4+ 39. Kxe4 Rxg2 40. Kd5 Be7 41. h5 Rg4 42. h6 Bf8 43. hxg7 Bxg7 44. Bxg7 Kxg7 45. Rh2 Kg6 46. Rc2 Kf5 1/2-1/2

[Event "Danmarksmesterskabet 2024"]
[Site "Svendborg"]
[Date "2024.03.31"]
[Round "9"]
[White "Borge, Nikolaj"]
[Black "Liu, Casper Yukun"]
[Result "0-1"]
[WhiteElo "2379"]
[BlackElo "2283"]
[PlyCount "62"]
[EventDate "2023.03.23"]
[EventType "tourn"]
[EventRounds "9"]
[EventCountry "DEN"]
[SourceTitle "Live v. Kasper Jerwiarz"]

1. e4 e6 2. d4 d5 3. e5 c5 4. c3 Nc6 5. Nf3 Qb6 6. a3 c4 7. Nbd2 Na5 8. g3 Bd7 9. h4 O-O-O 10. Ng5 Nh6 11. Qh5 f6 12. Nh3 fxe5 13. dxe5 Bc5 14. Qe2 Ba4 15. Nf4 Ng4 16. Bh3 Nxf2 17. Bxe6+ Kb8 18. Rh2 Nd3+ 19. Nxd3 cxd3 20. Qxd3 Bg1 21. Rg2 Bb5 22. c4 dxc4 23. Qf1 Be3 24. Qf5 Rhf8 25. Bf7 g6 26. Qf3 Bc6 27. Ne4 Bxc1 28. e6 Rd3 29. e7 Rxf7 30. Qxf7 Qe3+ 31. Re2 Qg1+ 0-1

[Event "Danmarksmesterskabet 2024"]
[Site "Svendborg"]
[Date "2024.03.31"]
[Round "9"]
[White "Thybo, Jesper Sondergaard"]
[Black "Olsen, Filip Boe"]
[Result "1-0"]
[WhiteElo "2542"]
[BlackElo "2456"]
[PlyCount "59"]
[EventDate "2023.03.23"]
[EventType "tourn"]
[EventRounds "9"]
[EventCountry "DEN"]
[SourceTitle "Live v. Kasper Jerwiarz"]

1. d4 d5 2. c4 e6 3. Nf3 Nf6 4. g3 h6 5. Bg2 Bd6 6. O-O O-O 7. Qc2 b6 8. Nc3 Bb7 9. b3 Nbd7 10. Bb2 Re8 11. Rfd1 a6 12. Rac1 Rc8 13. Nh4 Bf8 14. e4 dxe4 15. Nxe4 Nxe4 16. Bxe4 Bxe4 17. Qxe4 c5 18. d5 exd5 19. Qxd5 Re2 20. Bc3 Rc7 21. a4 Qe8 22. Re1 Nb8 23. Rxe2 Qxe2 24. Re1 Qg4 25. Nf5 Rc8 26. Re4 Qg5 27. Bxg7 Kh7 28. Bxh6 Bxh6 29. Qxf7+ Kh8 30. Nxh6 1-0

[Event "Danmarksmesterskabet 2024"]
[Site "Svendborg"]
[Date "2024.03.31"]
[Round "9"]
[White "Haubro, Martin"]
[Black "Ochsner, Bjorn Moller"]
[Result "1-0"]
[WhiteElo "2436"]
[BlackElo "2518"]
[PlyCount "65"]
[EventDate "2023.03.23"]
[EventType "tourn"]
[EventRounds "9"]
[EventCountry "DEN"]
[SourceTitle "Live v. Kasper Jerwiarz"]

1. e4 c5 2. Nf3 Nc6 3. Bb5 e6 4. Bxc6 bxc6 5. O-O Ne7 6. Re1 Ng6 7. c3 Be7 8. d4 cxd4 9. cxd4 d5 10. Nc3 O-O 11. Be3 f5 12. exf5 exf5 13. Rc1 f4 14. Bd2 Bd6 15. Na4 Bg4 16. h3 Bh5 17. Qe2 Kh8 18. Qd3 Nh4 19. Nxh4 Qxh4 20. Rxc6 Rad8 21. Re6 Bb8 22. Bb4 f3 23. Be7 Qf4 24. g3 Qf7 25. Bxd8 Rxd8 26. Qe3 Qf8 27. Nc3 Be8 28. Rc5 Bf7 29. Rxd5 Rxd5 30. Nxd5 Qg8 31. Re7 Bd6 32. Rd7 Bb8 33. Ne7 1-0